000 01321nam a2200277Ia 4500
008 0000002012 sp a 0000000000spa00
020 _a9788493898113
090 _aPSP00 D15j
100 1 _aDaniel, Marko
245 1 0 _aJoan Miró, la escalera de la evasión
_c/ editores generales y compiladores Marko Daniel y Matthew Gale
300 _a239 p.
_c/ 29 cm.
500 _aExposiciónitinerante realizada en: Tate Modern Gallery de Londres ente el 14 de abril al 11 de septiembre de 2011; Fundación Joan Miró de Barcelona entre el 25 de octubre de 2011 al 18 de marzo de 2012; National Gallery of Art de Washington del 6 de mayo al 12 de agosto de 2012
505 _aCON ARTICULOS DE: Christopher Green, Kerryn Greenberg, William Jeffett, María Luisa LAX, Robert S. Lubar, Joan M. Minguet Batllori y Teresa Montaner
600 0 0 _a MIRO, JOAN, 18931983/
_xTRABAJOS PICTORICOS
650 1 4 _a ARTE CONTEMPORANEO ESPAÑOL
650 1 4 _aARTISTAS PLASTICOS ESPAÑOLES
650 1 4 _xCATALOGOS
650 1 4 _aENSAYOS, CONFERENCIAS, ETC
650 1 4 _xEXPOSICIONES
650 1 4 _aPINTURA ESPAÑOLA
650 1 4 _aPINTURA ESPAÑOLA
650 1 4 _aSIGLO XX
650 1 4 _aSURREALISMO (ARTE)
700 1 _aGale, Matthew \ Greenberg, Kerryn \
999 _c13929
_d13929
260 _aBarcelona : Fundación Joan Miró
_c2012